000 00531nam a2200157Ia 4500
003 Ost
005 20260507075659.0
008 260507s9999||||xx |||||||||||||| ||und||
040 _cfsecg
041 _aara
100 _aدياب خضر، سعيد
_eمؤلف
245 0 _aالوسائل الواقية من الافلاس في القانون الوضعي وفقه الشريعة الاسلامية /
_c سعيد دياب خضر
260 _aلبنان:
_bجورج برس,
_c2002
300 _a312 صفحة؛
942 _cكتاب
999 _c45768
_d45768